Métamorphoses
সংরক্ষণ করুন:
| প্রধান লেখক: | |
|---|---|
| বিন্যাস: | গ্রন্থ |
| ভাষা: | ফরাসি |
| প্রকাশিত: |
París
Classique d'Eugène Belin
1876
|
| মালা: | Morceaux Choisis
|
| বিষয়গুলি: | |
| ট্যাগগুলো: |
ট্যাগ যুক্ত করুন
কোনো ট্যাগ নেই, প্রথমজন হিসাবে ট্যাগ করুন!
|
MARC
| LEADER | 00000nam a2200000 a 4500 | ||
|---|---|---|---|
| 001 | UCZ3382 | ||
| 003 | CL-VaPUC | ||
| 008 | 951020e18760000FR |||||||||||||||||fre|d | ||
| 082 | 0 | 4 | |a 871 |b OVI |2 21 |
| 100 | |a Ovidio Nasón, Publio |e auteur |9 347163 | ||
| 245 | 1 | 0 | |a Métamorphoses |
| 300 | |a 283 p | ||
| 942 | |c BK | ||
| 945 | |d 19951020 00:00:00 |a cmena | ||
| 260 | |a París |b Classique d'Eugène Belin |c 1876 | ||
| 650 | 7 | |a POESIAS LATINAS |2 CL-VaPUC |9 347164 | |
| 650 | 0 | |a Oratoria latina |9 266621 | |
| 650 | 0 | |a Literatura latina |9 258055 | |
| 583 | |a last modification |c 20120618 10:59:14 |k Rodrigo Vera | ||
| 490 | 0 | |a Morceaux Choisis | |
| 999 | |c 239863 |d 239861 | ||
| 952 | |0 0 |1 0 |4 0 |6 871_000000000000000_OVI_1876 |7 0 |8 P |9 251311 |a BIBEDU |b BIBEDU |c BIBEDU_PB |d 2019-11-18 |i 1587102 |o 871 OVI 1876 |p 1587102 |r 2024-01-25 |w 2019-11-18 |y BK |k FIL | ||